| 000 | 00633nam a2200193Ia 4500 | ||
|---|---|---|---|
| 008 | 151121s9999||||xx |||||||||||||| ||und|| | ||
| 082 | _aबा। वि। | ||
| 082 | _bHNW-73411 | ||
| 100 | _aभागवत भा। रा। | ||
| 245 | _aगप्प बसा मुंछासेन | ||
| 260 | _b"अंकुश, पुणे।" | ||
| 260 | _c-- | ||
| 300 | _a100 | ||
| 600 | _aभागवत भा। रा। | ||
| 630 | _aगप्प बसा मुंछासेन | ||
| 700 | _aभागवत भा। रा। | ||
| 730 | _aगप्प बसा मुंछासेन | ||
| 942 | _cBOOK | ||
| 999 |
_c1254869 _d1254866 |
||